000 01582nam a2200361 a 4500
001 000021680
003 DO-SdBNP
005 20260520104306.0
008 100910s1984 dr 000 0 spa d
040 _aDO-SdBNP
_bspa
_cBNPHU
082 _a327.27293
_bV635d 1984
_222
100 1 _aVicioso Soto, Horacio
_923658
_d1915 - 1996
245 1 0 _aDiplomacia :
_bciencia y arte /
_cHoracio Vicioso Soto ; prólogo Armando Oscar Pacheco
250 _a4a. ed.
260 _aSanto Domingo :
_bONAP,
_c1984.
300 _a417 p. ;
_c22 cm.
490 1 _aEstudios jurídicos
_v24
500 _aIncluye referencias bibliográficas y notas la pie de las páginas
505 2 _aTres etapas de la diplomacia - Órganos de las relaciones diplomáticas - Acción diplomática - Organizaciones internacionales -- Normas protocolares - Congresos y las conferencias internacionales - Concertación de tratados - Ceremonia de cancillería: formulario de la correspondencia.
590 _aInventariado, 2019/MFF
650 0 _aDiplomacia
_9398
650 0 _aRelaciones internacionales
_9399
650 0 _aTratados
_99456
650 4 _aOrgainsmos internacionales
_945109
650 0 _aDocumentos diplomáticos
_92999
651 _aRepública Dominicana
_xRelaciones internacionales
_xHistoria
_977448
700 _a Oscar Pacheco, Armando
_epról
_957786
710 1 _aRepública Dominicana.
_bOficina Nacional de Administración y Personal
_926398
830 0 _aEstudios jurídicos
_v24
_98442
910 _aVMateo / Validado. Control de calidad MFF
942 _2ddc
_cLBS1
956 _a
999 _c21179
_d21179